Welcome to WEB OPAC of MRSPTU Central Library

The manual word star (Record no. 687)

MARC details
000 -LEADER
fixed length control field 00345nam a2200145Ia 4500
008 - FIXED-LENGTH DATA ELEMENTS--GENERAL INFORMATION
fixed length control field 230711s9999||||xx |||||||||||||| ||und||
041 ## - LANGUAGE CODE
Language code of text/sound track or separate title ENG
082 ## - DEWEY DECIMAL CLASSIFICATION NUMBER
Classification number 4
Item number WI-M
100 ## - MAIN ENTRY--PERSONAL NAME
Personal name Williams,E.Robert
245 #4 - TITLE STATEMENT
Title The manual word star
250 ## - EDITION STATEMENT
Edition statement 2nd
260 ## - PUBLICATION, DISTRIBUTION, ETC.
Date of publication, distribution, etc. 1986
Place of publication, distribution, etc. `New Delhi
Name of publisher, distributor, etc. PBP Publication
650 ## - SUBJECT ADDED ENTRY--TOPICAL TERM
Topical term or geographic name entry element Computer Engineering
942 ## - ADDED ENTRY ELEMENTS (KOHA)
Koha item type Book
Holdings
Withdrawn status Lost status Damaged status Not for loan Collection Home library Current library Date acquired Total checkouts Full call number Barcode Date last seen Price effective from Koha item type
          MRSPTU Central Library MRSPTU Central Library     4 WI-M 3083 08/17/2023 08/17/2023 Book
          MRSPTU Central Library MRSPTU Central Library     4 WI-M 3084 08/17/2023 08/17/2023 Book
          MRSPTU Central Library MRSPTU Central Library     4 WI-M 3085 08/17/2023 08/17/2023 Book
          MRSPTU Central Library MRSPTU Central Library     4 WI-M 3086 08/17/2023 08/17/2023 Book
          MRSPTU Central Library MRSPTU Central Library     4 WI-M 3087 08/17/2023 08/17/2023 Book
          MRSPTU Central Library MRSPTU Central Library     4 WI-M 3088 08/17/2023 08/17/2023 Book
          MRSPTU Central Library MRSPTU Central Library     4 WI-M 3089 08/17/2023 08/17/2023 Book
          MRSPTU Central Library MRSPTU Central Library     4 WI-M 3090 08/17/2023 08/17/2023 Book
          MRSPTU Central Library MRSPTU Central Library     4 WI-M 3091 08/17/2023 08/17/2023 Book
          MRSPTU Central Library MRSPTU Central Library     4 WI-M 3092 08/17/2023 08/17/2023 Book

Website Designed and Developed by MRSPTU Central Library Team

E-mail Id: librarian@mrsptu.ac.in